[Event "Schoelcher Martinique op"]
[Site "Schoelcher "]
[Date "2013.04.03"]
[Round "2"]
[White "Daniel, Kelvin"]
[Black "Ancival, Lucien"]
[Result "0-1"]
[WhiteElo "1984"]
[BlackElo "1624"]
[PlyCount "84"]
[EventDate "2013.04.03"]
[EventType "swiss"]
[EventRounds "9"]
[EventCountry "MFR"]
[SourceTitle "CBM 153 Extra"]
[Source "ChessBase"]
[SourceDate "2013.04.22"]
[SourceVersion "1"]
[SourceVersionDate "2013.04.22"]
[SourceQuality "1"]

1. d4 Nf6 2. Nf3 g6 3. c4 Bg7 4. Nc3 d5 5. cxd5 Nxd5 6. e4 Nxc3 7. bxc3 c5 8. Bc4 Nc6 9. Bb2 cxd4 10. cxd4 Qa5+ 11. Qd2 Qxd2+ 12. Kxd2 Bg4 13. Bb5 0-0 14. e5 Rfd8 15. Bxc6 bxc6 16. Ke2 Rd5 17. h3 Bxf3+ 18. Kxf3 c5 19. dxc5 Rad8 20. c6 Bxe5 21. Bxe5 Rxe5 22. c7 Rd3+ 23. Kf4 Rc5 24. Rhc1 Rdc3 25. Rxc3 Rxc3 26. a4 Rxc7 27. a5 a6 28. Ra2 Rc5 29. Ke4 e6 30. Kd4 Rb5 31. Kc4 h5 32. g3 Kg7 33. Kd4 f5 34. Ra3 Kf6 35. f4 e5+ 36. fxe5+ Rxe5 37. Kd3 g5 38. Ra4 Rb5 39. Ra3 Ke5 40. Ke3 Kd5 41. Kd3 Kc5 42. Ra2 Rb3+ 0-1

[Event "FRA-ch Veterans"]
[Site "Pau"]
[Date "2008.08.19"]
[Round "7"]
[White "Ancival, Lucien"]
[Black "Fayolle, Guy"]
[Result "1-0"]
[WhiteElo "1955"]
[BlackElo "1894"]
[PlyCount "81"]
[EventDate "2008.08.11"]
[EventType "swiss"]
[EventRounds "9"]
[EventCountry "FRA"]
[SourceTitle "CBM 126 Extra"]
[Source "ChessBase"]
[SourceDate "2008.11.05"]
[SourceVersion "1"]
[SourceVersionDate "2008.11.05"]
[SourceQuality "1"]

1. e4 e5 2. Bc4 Nf6 3. d3 Be7 4. f4 exf4 5. Bxf4 d6 6. Nf3 Nc6 7. 0-0 Na5 8. Bb5+ c6 9. Ba4 Qb6+ 10. Kh1 Qxb2 11. Nbd2 b5 12. Bb3 Qa3 13. Ng5 Nxb3 14. axb3 Qc5 15. Ngf3 Qh5 16. Qe2 0-0 17. Qf2 Ng4 18. Qg1 c5 19. Rfe1 Ne5 20. Nxe5 dxe5 21. Be3 Re8 22. Bxc5 a6 23. Bxe7 Rxe7 24. Qc5 Re8 25. Qc6 Be6 26. Rxa6 Rab8 27. Rb6 Qg4 28. Qxb5 Bd7 29. Qb4 Ra8 30. Nf3 h6 31. Qd6 f6 32. h3 Qe6 33. Nh4 Rac8 34. c4 Qf7 35. Rb7 Rcd8 36. Qd5 Qxd5 37. exd5 Bc8 38. Rc7 Ba6 39. Nf5 Bc8 40. Nxg7 Rd7 41. Nxe8 1-0

[Event "FRA-ch Veterans"]
[Site "Pau"]
[Date "2008.08.14"]
[Round "3"]
[White "Darrigues, Alain"]
[Black "Ancival, Lucien"]
[Result "1-0"]
[WhiteElo "2012"]
[BlackElo "1955"]
[PlyCount "199"]
[EventDate "2008.08.11"]
[EventType "swiss"]
[EventRounds "9"]
[EventCountry "FRA"]
[SourceTitle "CBM 126 Extra"]
[Source "ChessBase"]
[SourceDate "2008.11.05"]
[SourceVersion "1"]
[SourceVersionDate "2008.11.05"]
[SourceQuality "1"]

1. d4 Nf6 2. c4 g6 3. Nc3 d5 4. Nf3 Bg7 5. Qb3 dxc4 6. Qxc4 Nbd7 7. e4 Nb6 8. Qb3 0-0 9. Be2 c6 10. 0-0 Be6 11. Qc2 Rc8 12. b3 Bg4 13. Be3 e6 14. Rad1 Qe7 15. Rfe1 Nfd7 16. a4 a5 17. h3 Bxf3 18. Bxf3 e5 19. dxe5 Bxe5 20. Bg4 Rcd8 21. Nb1 Bd6 22. Nd2 Bb4 23. Rf1 Rfe8 24. Bf3 Nc8 25. g3 Ne5 26. Bg2 Rd3 27. Nb1 Red8 28. Rxd3 Rxd3 29. Rd1 Qd7 30. Rxd3 Qxd3 31. Qxd3 Nxd3 32. Kf1 c5 33. Ke2 Ne1 34. Bh1 Nc2 35. Nd2 Nxe3 36. Kxe3 Na7 37. e5 b5 38. Bb7 Kf8 39. Ne4 Ke7 40. f4 h6 41. g4 Ke6 42. Nf6 bxa4 43. bxa4 g5 44. Bd5+ Ke7 45. f5 Kf8 46. Nd7+ Ke7 47. Nb6 f6 48. exf6+ Kxf6 49. Bb7 Kf7 50. Ke4 Ke7 51. Kd5 Kd8 52. Nc4 Kc7 53. f6 Bc3 54. Ne5 c4 55. Ba6 Nc8 56. f7 Nb6+ 57. Ke6 Bb4 58. Bxc4 Nxa4 59. Ng6 Nc5+ 60. Kf6 a4 61. Kg7 Ne4 62. Kxh6 Nf2 63. Kxg5 Nxh3+ 64. Kf5 Nf2 65. g5 Nh3 66. Nf4 Nxg5 67. Kxg5 Kd8 68. Kf5 a3 69. Ke4 Bd6 70. Nd5 Kd7 71. Kd3 Kc6 72. Kc3 Kc5 73. Ba2 Bf8 74. Ne3 Kd6 75. Kb4 Ke5+ 76. Ka4 Kf6 77. Nc2 Kg7 78. Nxa3 Kf6 79. Nc2 Ke7 80. Kb5 Kf6 81. Kc6 Ke7 82. Ne3 Kf6 83. Kd7 Kg7 84. Be6 Ba3 85. Nd5 Kf8 86. Nf6 Kg7 87. Ne8+ Kf8 88. Bc4 Bb4 89. Nc7 Ba3 90. Ke6 Be7 91. Be2 Ba3 92. Bh5 Kg7 93. Kd7 Kh6 94. Be2 Kg7 95. Ke8 Bd6 96. Nd5 Bf8 97. Bd3 Kh8 98. Ne7 Bg7 99. Nf5 Bf8 100. Kxf8 1-0

[Event "Paris Apsap op 82nd"]
[Site "Paris"]
[Date "2005.??.??"]
[Round "2"]
[White "Ancival, Lucien"]
[Black "Toulzac, Pierre Yves"]
[Result "1/2-1/2"]
[WhiteElo "2068"]
[BlackElo "2274"]
[PlyCount "97"]
[EventDate "2005.08.09"]
[EventType "swiss"]
[EventRounds "7"]
[EventCountry "FRA"]
[SourceTitle "EXT 2007"]
[Source "ChessBase"]
[SourceDate "2006.11.23"]
[SourceVersion "1"]
[SourceVersionDate "2006.11.23"]
[SourceQuality "1"]

1. e4 c5 2. Nf3 e6 3. d4 cxd4 4. Nxd4 Nf6 5. Nc3 Nc6 6. Ndb5 d6 7. Bf4 e5 8. Bg5 a6 9. Bxf6 gxf6 10. Na3 b5 11. Nd5 f5 12. Bd3 Be6 13. Qh5 Rg8 14. g3 f4 15. Qxh7 Rg6 16. gxf4 Rg7 17. Qh8 Bxd5 18. exd5 Qa5+ 19. c3 b4 20. dxc6 bxa3 21. Qh3 Rd8 22. Bf5 Qd5 23. Bd7+ Ke7 24. Ke2 Qe4+ 25. Qe3 Qc2+ 26. Kf3 axb2 27. Rae1 Qh7 28. fxe5 Qh5+ 29. Ke4 dxe5 30. Kd3 f6 31. Qc5+ Kf7 32. Qd5+ Kg6 33. Kc2 Rgxd7 34. cxd7 Qf5+ 35. Kxb2 Rxd7 36. Rhg1+ Kh5 37. Qg2 Rd2+ 38. Ka1 Rxa2+ 39. Kxa2 Qc2+ 40. Ka1 Qxc3+ 41. Kb1 Qb3+ 42. Ka1 Qa3+ 43. Kb1 Qd3+ 44. Ka1 Qa3+ 45. Kb1 Qd3+ 46. Ka2 Qa3+ 47. Kb1 Qd3+ 48. Kb2 Qd2+ 49. Kb1 1/2-1/2

[Event "Paris Apsap op 73rd"]
[Site "Paris"]
[Date "2004.08.07"]
[Round "8"]
[White "Lenormand, Marc"]
[Black "Ancival, Lucien"]
[Result "1-0"]
[WhiteElo "2028"]
[BlackElo "2090"]
[PlyCount "51"]
[EventDate "2004.08.??"]
[EventType "swiss"]
[EventRounds "9"]
[EventCountry "FRA"]
[SourceTitle "EXT 2006"]
[Source "ChessBase"]
[SourceDate "2005.11.24"]
[SourceVersion "1"]
[SourceVersionDate "2005.11.24"]
[SourceQuality "1"]

1. d4 Nf6 2. c4 g6 3. Nc3 d5 4. cxd5 Nxd5 5. g3 Bg7 6. Bg2 Nxc3 7. bxc3 0-0 8. e3 c5 9. Ne2 Nc6 10. 0-0 cxd4 11. cxd4 e6 12. Rb1 Qc7 13. Nf4 Rb8 14. Qe2 a6 15. Ba3 Re8 16. Rfc1 Bd7 17. d5 exd5 18. Nxd5 Qa5 19. Bd6 Rbc8 20. Rc5 b5 21. Rbc1 Nd4 22. Qd1 Rxc5 23. Bxc5 Nc6 24. Nf6+ Bxf6 25. Qxd7 Qd8 26. Qxc6 1-0

[Event "FRA-ch Veterans"]
[Site "Aix les Bains"]
[Date "2003.08.27"]
[Round "8"]
[White "Corrigan, Francis"]
[Black "Ancival, Lucien"]
[Result "0-1"]
[WhiteElo "2099"]
[BlackElo "1820"]
[PlyCount "95"]
[EventDate "2003.08.19"]
[EventType "swiss"]
[EventRounds "9"]
[EventCountry "FRA"]
[SourceTitle "EXT 2004"]
[Source "ChessBase"]
[SourceDate "2003.11.25"]
[SourceVersion "1"]
[SourceVersionDate "2003.11.25"]
[SourceQuality "1"]

1. d4 Nf6 2. Nf3 g6 3. Nc3 d5 4. Bf4 c6 5. e3 Bg7 6. Be2 Nh5 7. Be5 Nd7 8. Bxg7 Nxg7 9. e4 dxe4 10. Nxe4 Ne6 11. Qd2 Qc7 12. g3 Nb6 13. h4 Bd7 14. c4 f5 15. Nc3 a6 16. Ne5 c5 17. Nxd7 Qxd7 18. d5 0-0-0 19. a4 Nd4 20. a5 Nb3 21. Qd1 Nxa1 22. axb6 Qd6 23. Na4 e6 24. Qxa1 exd5 25. 0-0 d4 26. Qa3 Rhe8 27. Bf3 d3 28. Rd1 d2 29. Rxd2 Re1+ 30. Kg2 Qxd2 31. Qxc5+ Kd7 32. Bxb7 Qd1 33. Bc6+ Ke6 34. Bd5+ Rxd5 35. Qxd5+ Qxd5+ 36. cxd5+ Kxd5 37. b7 Re8 38. b4 Kc6 39. Nc5 a5 40. Nd3 a4 41. Ne5+ Kxb7 42. Nc4 Kc6 43. Na3 Re4 44. b5+ Kc5 45. Kf3 Rb4 46. Ke2 Rb3 47. Nc2 Rb2 48. Kd1 0-1

[Event "FRA-ch op-B"]
[Site "Auxerre"]
[Date "1996.??.??"]
[Round "9"]
[White "Fortin, Jean"]
[Black "Ancival, Lucien"]
[Result "0-1"]
[WhiteElo "1750"]
[BlackElo "1750"]
[PlyCount "86"]
[EventDate "1996.??.??"]
[EventType "swiss"]
[EventRounds "10"]
[EventCountry "FRA"]
[SourceTitle "EXT 2004"]
[Source "ChessBase"]
[SourceDate "2003.11.25"]
[SourceVersion "1"]
[SourceVersionDate "2003.11.25"]
[SourceQuality "1"]

1. e4 c5 2. Nf3 Nc6 3. d4 cxd4 4. Nxd4 Nf6 5. Nc3 e6 6. Ndb5 d6 7. Bf4 e5 8. Bg5 a6 9. Na3 Be7 10. Bxf6 Bxf6 11. Nc4 Be7 12. Nd5 b5 13. Nce3 g6 14. c3 Bg5 15. a4 Rb8 16. axb5 axb5 17. b4 0-0 18. Bd3 f5 19. 0-0 f4 20. Nc2 Rf7 21. Na3 Na7 22. f3 Be6 23. Qe2 Kg7 24. Kh1 Bh4 25. Nxb5 Nxb5 26. Bxb5 Bg3 27. Bd3 Qh4 28. h3 g5 29. Ra6 Rd8 30. Kg1 h5 31. Rfa1 g4 32. Ra7 Rxa7 33. Rxa7+ Kh6 34. Ne7 gxh3 35. Nf5+ Bxf5 36. exf5 Bf2+ 37. Qxf2 h2+ 38. Kf1 h1Q+ 39. Ke2 Qd1+ 40. Kxd1 Qxf2 41. Re7 Ra8 42. Re6+ Kg5 43. Rg6+ Kh4 0-1

[Event "FRA-ch Accession"]
[Site "Chambery"]
[Date "1994.??.??"]
[Round "1"]
[White "Fruteau, Sabine"]
[Black "Ancival, Lucien"]
[Result "1-0"]
[WhiteElo "2220"]
[BlackElo "1810"]
[PlyCount "123"]
[EventDate "1994.??.??"]
[EventType "swiss"]
[EventRounds "11"]
[EventCountry "FRA"]
[SourceTitle "EXT 2004"]
[Source "ChessBase"]
[SourceDate "2003.11.25"]
[SourceVersion "1"]
[SourceVersionDate "2003.11.25"]
[SourceQuality "1"]

1. e4 c5 2. Nf3 Nc6 3. Bb5 e6 4. 0-0 g6 5. c3 Bg7 6. d4 cxd4 7. cxd4 d5 8. exd5 exd5 9. Bg5 Nge7 10. Re1 Be6 11. Ne5 Rc8 12. Qa4 Qb6 13. Bxe7 Kxe7 14. Nc3 Nxe5 15. dxe5 a6 16. Qa3+ Qc5 17. Qxc5+ Rxc5 18. Bd3 d4 19. Ne4 Rxe5 20. f4 Ra5 21. a3 Rc8 22. b4 Rh5 23. Nc5 Rhxc5 24. bxc5 Rxc5 25. a4 Kd6 26. Be4 Bd5 27. Bxd5 Rxd5 28. Rab1 b5 29. axb5 axb5 30. Re8 Bf6 31. Rb8 Kc6 32. Rc1+ Kd7 33. Rb7+ Ke8 34. Rb1 d3 35. R7xb5 Rd6 36. R5b3 d2 37. Rd1 Bd8 38. Ra3 Rd4 39. g3 Be7 40. Ra8+ Kd7 41. Ra7+ Ke6 42. Kf2 Bb4 43. Ke3 Rd5 44. Rb7 Ba5 45. Rb3 g5 46. fxg5 Rxg5 47. Ke2 h5 48. Re3+ Kd6 49. Rf1 Rd5 50. Rd3 Rxd3 51. Kxd3 Ke5 52. Kc2 f5 53. Ra1 Bb4 54. Rb1 Bd6 55. Kxd2 Ke4 56. Rb6 Bc5 57. Rb5 Bd6 58. Ke2 h4 59. gxh4 Bxh2 60. h5 f4 61. h6 f3+ 62. Kf1 1-0